El beato Rafael, patrón de las rutas del románico. (Record n. 23586)

Dettagli MARC
000 -LEADER
fixed length control field 00685nam a2200205 i 4500
003 - CONTROL NUMBER IDENTIFIER
control field IT-RoINE
005 - DATE AND TIME OF LATEST TRANSACTION
control field 20180329110409.0
008 - FIXED-LENGTH DATA ELEMENTS--GENERAL INFORMATION
fixed length control field 960724s1996 sp | r ||| |dspa d
020 ## - INTERNATIONAL STANDARD BOOK NUMBER
International Standard Book Number 8492048433
040 ## - CATALOGING SOURCE
Original cataloging agency SpMaBN
Transcribing agency SpMaBN IT-RoINE
Modifying agency IT-RoINE
245 13 - TITLE STATEMENT
Title El beato Rafael, patrón de las rutas del románico.
260 ## - PUBLICATION, DISTRIBUTION, ETC. (IMPRINT)
Place of publication, distribution, etc [Pontevedra] :
Name of publisher, distributor, etc Fundación Cultural Rutas del Románico,
Date of publication, distribution, etc 1996.
300 ## - PHYSICAL DESCRIPTION
Extent 181 p. ;
Dimensions 18 cm.
336 ## - CONTENT TYPE
Source rdacontent
Content type term text
337 ## - MEDIA TYPE
Source rdamedia
Media type term unmediated
338 ## - CARRIER TYPE
Source rdacarrier
Carrier type term volume
600 04 - SUBJECT ADDED ENTRY--PERSONAL NAME
Personal name Rafael Arnáiz,
Titles and other words associated with a name Santo,
Dates associated with a name 1911-1938
9 (RLIN) 6042
710 2# - ADDED ENTRY--CORPORATE NAME
Corporate name or jurisdiction name as entry element Fundación Cultural Rutas del Románico (Pontevedra, España)
9 (RLIN) 42663
942 ## - ADDED ENTRY ELEMENTS (KOHA)
Item type Monografías
Dati di copia
Withdrawn status Lost status Damaged status Not for loan Home library Current library Date acquired Total Checkouts Full call number Barcode Date last seen Price effective from Koha item type
        Iglesia Nacional Española en Roma Iglesia Nacional Española en Roma 29/03/2018   NOVALÍN 447 NOV-0458 29/03/2018 29/03/2018 Monografías